000
00316nam a2200121Ia 4500
008
191201s2012 xx 000 0 und d
100
_a
BHATTACHARYYA, SN
245
0
_a
Installation servicing and maintenance
250
_a
Rep
260
_c
2012
_b
S Chand and Co. Ltd.
_a
NEW DELHI
300
_a
296
942
_2
ddc
_c
BK
_0
1
999
_c
8029
_d
8029